000 nam a22 7a 4500
999 _c230
_d230
005 20170427101715.0
008 170427b1999 my ||||| |||| 00| 0 eng d
020 _a9677008730
040 _aAKMAL
082 _a344.01 ARI
090 _a344.01
_bARI
245 _aGANGGUAN SEKSUAL : Mengetengahkan gangguan seksual di tempat kerja
_bsexual harassment : addressing sexual harssment in the workplace
300 _a84ms
_c25cm
599 _aDALAM PROSES
650 _agangguan seksual
_9527
942 _2ddc
_cBOOK